000 00596nam a22001697a 4500
005 20251108165223.0
008 250721s1993 xx 000 0 ara d
082 1 4 _a612/دور
100 1 _aدورخوف، اليكس
245 1 0 _aموسوعة جسم الإنسان /
264 1 _aالقاهرة :
_bدار الفكر للدراسات و النشر و التوزيع،
_c1993.
300 _a113ص
650 1 7 _aالفسيولوجيا
710 2 _aقسم الترجمة بدار الفكر للدراسات و النشر و التوزيع
_eترجمة
942 _2ddc
_cBK
999 _c22454
_d22454